00370nam a22000857a 4500008004100000082001500041245021100056300001100267440000600278230629b xxu||||| |||| 00| 0 eng d a338.9bTHO aA Study to Assess the Likely Impacts on Southern African and EU Producers of Further Liberalising the Trade, Development and Co-operation Agreement (TDCA) by Granting South Africa Duty Free Access to the EU aIV,52p n3